| 000 | 00678nam a2200229 a 4500 | ||
|---|---|---|---|
| 005 | 20241113063727.0 | ||
| 008 | 081109s2000 mx r 000 0 spa d | ||
| 020 | _a968369036X | ||
| 035 | _aUPN01000166430 | ||
| 049 | _aUNE | ||
| 080 | _a314.554 (72) "2001" BRE. | ||
| 100 | 1 | _aBrena Sesma, Ingrid | |
| 245 | 1 | 0 | _aDerechos del hombre y de la mujer divorciados/ por Ingrid Brena Sesma. |
| 250 | _a2a. ed. | ||
| 260 | _aMéxico: UNAM: Cámara de Diputados. LVIII Legislatura, 2001. | ||
| 300 | _axxi, 71 p.; 21 cm. il. | ||
| 440 | 0 | _aNuestros derechos | |
| 690 |
_aDivorcio _914831 |
||
| 690 | _aDisolución del matrimonio | ||
| 690 | _aMéxico | ||
| 905 | _aUNESCO | ||
| 999 |
_c138541 _d138541 |
||